000 00541nam a22001697a 4500
005 20231027065849.0
008 231027b |||||||| |||| 00| 0 eng d
020 _a0409011754 ; 0409011762
041 _aEnglish
082 _a349 BUT
100 _aDe Beer, C
_lEnglish
245 _aButterworths Business Contracts Compendium /
_cedited by C De Beer
260 _aDurban :
_bButterworth Publishers (Pty) Ltd,
_c1997
300 _bviii, 1524 pages ;
_c26 cm.
650 _aLegal practice
_bLaw
942 _cBK
_6ALISON_BN_VRIES
999 _c102
_d102